| 000 | 00750nam a2200229Ia 4500 | ||
|---|---|---|---|
| 001 | 9442 | ||
| 003 | GE_BSU | ||
| 008 | 181216s||||||||xx |||||||||||||| ||und|| | ||
| 040 | _cGE_BSU | ||
| 080 | _a821.353.1–1 | ||
| 100 | _aმაჭავარიანი,მუხრან | ||
| 245 | _aდუმილი რეკავს | ||
| 245 | _bლექსები | ||
| 245 | _cრედ.ვ.ჯავახაძე,მხატვ.ს.ცინცაძე | ||
| 260 | _aთბილისი | ||
| 260 | _bსაბჭოთა საქართველო | ||
| 260 | _c1974 | ||
| 300 | _a44გვ.1ფ.პორტრ.16სმ. | ||
| 653 | _aდუმილი რეკავს | ||
| 653 | _aლექსები | ||
| 942 | _cBK | ||
| 999 |
_c42736 _d42736 |
||